Estudio y análisis de mantenimiento predictivo en transformadores de potencia del sistema de transmisión en Nicaragua
Presenta un estudio de análisis de la ejecución de un plan de mantenimiento preventivo para transformadores de potencia, aborda instrucción a los tipos de mantenimientos de equipos eléctricos en general, así como un análisis de técnico económico en el sistema de transmisión de energía en N...
| Main Author: | |
|---|---|
| Other Authors: | |
| Format: | Tesis Section = Libro |
| Language: | Undetermined Spanish |
| Published: |
Managua
UNI
2012
|
| Subjects: |
| LEADER | 01195nam a2200265Ia 4500 | ||
|---|---|---|---|
| 008 | 240830s9999 xx 000 0 und d | ||
| 040 | |a BIBLIOTECA-RUSB/ T.Mon 621.314 A185 | ||
| 041 | |a spa | ||
| 082 | |a T.Mon 621.314 A185 | ||
| 100 | 1 | |a Acosta Jiménez, Arlen Gisselle | |
| 245 | 1 | 0 | |a Estudio y análisis de mantenimiento predictivo en transformadores de potencia del sistema de transmisión en Nicaragua |
| 260 | |a Managua |b UNI |c 2012 | ||
| 300 | |a 96 p. :il. | ||
| 500 | |a Contiene: anexos. | ||
| 502 | |a Tesis (Ingeniero Eléctrico) - UNI, 2012. | ||
| 520 | 3 | |a Presenta un estudio de análisis de la ejecución de un plan de mantenimiento preventivo para transformadores de potencia, aborda instrucción a los tipos de mantenimientos de equipos eléctricos en general, así como un análisis de técnico económico en el sistema de transmisión de energía en Nicaragua. | |
| 650 | 7 | |a TRANSFORMADORES ELECTRICOS | |
| 650 | 7 | |b REGULADORES DE VOLTAJE | |
| 650 | 7 | |c SISTEMAS DE ENERGIA ELECTRICA | |
| 650 | 7 | |d SUBESTACION ELECTRICA | |
| 650 | 7 | |e TRANSFORMADORES-MANTENIMIENTO | |
| 700 | 1 | |a Tutor: |b Flores Guido, Fernando | |
| 942 | |c BK |2 ddc | ||
| 991 | |a TESIS | ||
| 999 | |c 21832 | ||